<?xml version="1.0" encoding="UTF-8"?>
<record
    xmlns:xsi="http://www.w3.org/2001/XMLSchema-instance"
    xsi:schemaLocation="http://www.loc.gov/MARC21/slim http://www.loc.gov/standards/marcxml/schema/MARC21slim.xsd"
    xmlns="http://www.loc.gov/MARC21/slim">

  <leader>01504nam0a22002291  4500</leader>
  <controlfield tag="001">rc\3158855</controlfield>
  <controlfield tag="005">20250530065321.0</controlfield>
  <datafield tag="021" ind1=" " ind2=" ">
    <subfield code="a">RU</subfield>
    <subfield code="b">76-95606</subfield>
  </datafield>
  <datafield tag="035" ind1=" " ind2=" ">
    <subfield code="a">(NLR Aleph) 007280178</subfield>
  </datafield>
  <datafield tag="090" ind1=" " ind2=" ">
    <subfield code="a">5501034</subfield>
    <subfield code="c">5501034</subfield>
  </datafield>
  <datafield tag="100" ind1=" " ind2=" ">
    <subfield code="a">20120615d1976    |||y0rusy50      ca</subfield>
  </datafield>
  <datafield tag="101" ind1="0" ind2=" ">
    <subfield code="a">rus</subfield>
  </datafield>
  <datafield tag="102" ind1=" " ind2=" ">
    <subfield code="a">RU</subfield>
  </datafield>
  <datafield tag="105" ind1=" " ind2=" ">
    <subfield code="a">y   z   |||||</subfield>
  </datafield>
  <datafield tag="200" ind1="1" ind2=" ">
    <subfield code="a">&#x422;&#x435;&#x437;&#x438;&#x441;&#x44B; &#x434;&#x43E;&#x43A;&#x43B;&#x430;&#x434;&#x43E;&#x432;</subfield>
    <subfield code="e">&#x421;&#x435;&#x43A;&#x446;&#x438;&#x44F; 1-</subfield>
    <subfield code="f">&#x41D;&#x430;&#x443;&#x447;. &#x441;&#x43E;&#x432;&#x435;&#x442; &#x43F;&#x43E; &#x43A;&#x43E;&#x43C;&#x43F;&#x43B;&#x435;&#x43A;&#x441;&#x43D;&#x43E;&#x439; &#x43F;&#x440;&#x43E;&#x431;&#x43B;&#x435;&#x43C;&#x435;. "&#x42D;&#x43A;&#x43E;&#x43D;. &#x441;&#x43E;&#x440;&#x435;&#x432;&#x43D;&#x43E;&#x432;&#x430;&#x43D;&#x438;&#x435; &#x434;&#x432;&#x443;&#x445; &#x441;&#x438;&#x441;&#x442;&#x435;&#x43C;". (&#x41A;&#x43E;&#x43C;&#x438;&#x441;. &#x43F;&#x43E; &#x43D;&#x435;&#x43F;&#x440;&#x43E;&#x438;&#x437;&#x432;. &#x441;&#x444;&#x435;&#x440;&#x435; &#x438; &#x443;&#x441;&#x43B;&#x443;&#x433;&#x430;&#x43C;) &#x410;&#x41D; &#x421;&#x421;&#x421;&#x420;. &#x41B;&#x44C;&#x432;&#x43E;&#x432;. &#x43E;&#x431;&#x43A;&#x43E;&#x43C; &#x41A;&#x41F; &#x423;&#x43A;&#x440;&#x430;&#x438;&#x43D;&#x44B;. &#x41C;&#x413;&#x423; &#x438;&#x43C;. &#x41C;.&#x412;. &#x41B;&#x43E;&#x43C;&#x43E;&#x43D;&#x43E;&#x441;&#x43E;&#x432;&#x430;. &#x421;&#x43E;&#x432;&#x435;&#x442; &#x43F;&#x43E; &#x438;&#x437;&#x443;&#x447;&#x435;&#x43D;&#x438;&#x44E; &#x43F;&#x440;&#x43E;&#x438;&#x437;&#x432;&#x43E;&#x434;&#x438;&#x442;. &#x441;&#x438;&#x43B; &#x423;&#x421;&#x421;&#x420; &#x410;&#x41D; &#x423;&#x421;&#x421;&#x420;. &#x41B;&#x44C;&#x432;&#x43E;&#x432;. &#x43E;&#x442;&#x434;-&#x43D;&#x438;&#x435; &#x418;&#x43D;-&#x442;&#x430; &#x44D;&#x43A;&#x43E;&#x43D;&#x43E;&#x43C;&#x438;&#x43A;&#x438; &#x410;&#x41D; &#x423;&#x421;&#x421;&#x420;. &#x41B;&#x44C;&#x432;&#x43E;&#x432;. &#x442;&#x43E;&#x440;&#x433;.-&#x44D;&#x43A;&#x43E;&#x43D;. &#x438;&#x43D;-&#x442;. &#x412;&#x441;&#x435;&#x441;&#x43E;&#x44E;&#x437;. &#x43D;&#x430;&#x443;&#x447;. &#x43A;&#x43E;&#x43D;&#x444;. "&#x421;&#x43E;&#x446;.-&#x44D;&#x43A;&#x43E;&#x43D;. &#x43F;&#x440;&#x43E;&#x431;&#x43B;&#x435;&#x43C;&#x44B; &#x43D;&#x435;&#x43F;&#x43E;&#x440;&#x438;&#x437;&#x432;. &#x441;&#x444;&#x435;&#x440;&#x44B; &#x438; &#x443;&#x441;&#x43B;&#x443;&#x433; &#x432; &#x441;&#x432;&#x435;&#x442;&#x435; &#x440;&#x435;&#x448;&#x435;&#x43D;&#x438;&#x439; XXV &#x441;&#x44A;&#x435;&#x437;&#x434;&#x430; &#x41A;&#x41F;&#x421;&#x421;". 16-18 &#x43D;&#x43E;&#x44F;&#x431;. 1976 &#x433;.</subfield>
  </datafield>
  <datafield tag="210" ind1=" " ind2=" ">
    <subfield code="a">&#x41B;&#x44C;&#x432;&#x43E;&#x432;</subfield>
    <subfield code="c">&#x411;. &#x438;.</subfield>
    <subfield code="d">1976</subfield>
  </datafield>
  <datafield tag="710" ind1="1" ind2="2">
    <subfield code="a">"&#x421;&#x43E;&#x446;&#x438;&#x430;&#x43B;&#x44C;&#x43D;&#x43E;-&#x44D;&#x43A;&#x43E;&#x43D;&#x43E;&#x43C;&#x438;&#x447;&#x435;&#x441;&#x43A;&#x438;&#x435; &#x43F;&#x440;&#x43E;&#x431;&#x43B;&#x435;&#x43C;&#x44B; &#x43D;&#x435;&#x43F;&#x440;&#x43E;&#x438;&#x437;&#x432;&#x43E;&#x434;&#x441;&#x442;&#x432;&#x435;&#x43D;&#x43D;&#x43E;&#x439; &#x441;&#x444;&#x435;&#x440;&#x44B; &#x438; &#x443;&#x441;&#x43B;&#x443;&#x433; &#x432; &#x441;&#x432;&#x435;&#x442;&#x435; &#x440;&#x435;&#x448;&#x435;&#x43D;&#x438;&#x439; XXV &#x441;&#x44A;&#x435;&#x437;&#x434;&#x430; &#x41A;&#x41F;&#x421;&#x421;", &#x432;&#x441;&#x435;&#x441;&#x43E;&#x44E;&#x437;&#x43D;&#x430;&#x44F; &#x43D;&#x430;&#x443;&#x447;. &#x43A;&#x43E;&#x43D;&#x444;&#x435;&#x440;&#x435;&#x43D;&#x446;&#x438;&#x44F; (1976; &#x41B;&#x44C;&#x432;&#x43E;&#x432;)</subfield>
  </datafield>
  <datafield tag="801" ind1=" " ind2="0">
    <subfield code="a">RU</subfield>
    <subfield code="b">NLR</subfield>
    <subfield code="g">psbo</subfield>
  </datafield>
  <datafield tag="801" ind1=" " ind2="1">
    <subfield code="a">RU</subfield>
    <subfield code="b">ELAR</subfield>
    <subfield code="2">rusmarc</subfield>
  </datafield>
  <datafield tag="852" ind1=" " ind2=" ">
    <subfield code="a">NLR</subfield>
    <subfield code="j">77-3/4249</subfield>
  </datafield>
  <datafield tag="942" ind1=" " ind2=" ">
    <subfield code="c">BOOK</subfield>
  </datafield>
  <datafield tag="980" ind1=" " ind2=" ">
    <subfield code="a">NB</subfield>
  </datafield>
  <datafield tag="995" ind1=" " ind2=" ">
    <subfield code="5">2013-10-26</subfield>
    <subfield code="b">NLR01</subfield>
    <subfield code="c">NLR01</subfield>
    <subfield code="e">RF91</subfield>
    <subfield code="f">7280178-10</subfield>
    <subfield code="k">77-3/4249</subfield>
    <subfield code="o">0</subfield>
    <subfield code="r">BOOK</subfield>
    <subfield code="s">7734249_</subfield>
  </datafield>
</record>
